Normal view MARC view
  • Satish D, Ed. & Prabhakar R, Ed

Entry Personal Name

Number of records used in: 1

001 - CONTROL NUMBER

  • control field: 112819

003 - CONTROL NUMBER IDENTIFIER

  • control field: OSt

005 - DATE AND TIME OF LATEST TRANSACTION

  • control field: 20230125044339.0

008 - FIXED-LENGTH DATA ELEMENTS

  • fixed length control field: 230125|| aca||aabn | a|a d

040 ## - CATALOGING SOURCE

  • Original cataloging agency: OSt
  • Transcribing agency: OSt

100 ## - HEADING--PERSONAL NAME

  • Personal name: Satish D, Ed. & Prabhakar R, Ed

670 ## - SOURCE DATA FOUND

  • Source citation: Work cat.: (OSt)89814: Satish D, Ed. 112818, SPAM : An Introduction, 2006